000 00805nam a2200253Ia 4500
003 OSt
005 20220928131113.0
006 a|||||r|||| 00| 0
007 ta
008 220927b |||||||| |||| 00| 0 eng d
020 _c9128.7000000000007
024 _a124926
037 _b18, 02/09/2014, Better Book Service
_cTextual
040 _aSDCL
_cSDCL
_beng
041 _2eng
_aeng
082 _aV1-591'J, Q2
100 _aHeywood Colin Ed.
_9477126
245 0 _aRise of the ottoman empire
_b Studies in the history ofd Turkey,thirteenth-fifteenth centuries.
260 _aLondon
_bRoutledge
_c2012
300 _axxiii;194p.
_ccm.
650 _aHistory
942 _hV1-591'J, Q2
_cTEXL
_2CC
999 _c789597
_d789597